Revenue management and pricing: case studies and applications
Salvato in:
| Altri autori: | , |
|---|---|
| Natura: | Libro |
| Lingua: | inglese |
| Pubblicazione: |
London
Thomson
2007
|
| Soggetti: | |
| Tags: |
Nessun Tag, puoi essere il primo ad aggiungerne!!
|
MARC
| LEADER | 00000nam a2200000 4500 | ||
|---|---|---|---|
| 001 | 0127698 | ||
| 005 | 20240311125636.4 | ||
| 020 | |a 978-1-84480-062-9 | ||
| 041 | 0 | |a eng | |
| 044 | |a GB | ||
| 245 | 1 | 0 | |a Revenue management and pricing: case studies and applications |c edited by Ian Yeoman and Una McMahon-Beattie |
| 264 | 1 | |a London |b Thomson |c 2007 | |
| 300 | |a 216 s. | ||
| 610 | 2 | 0 | |a podnikanie |
| 610 | 2 | 0 | |a služby platené |
| 610 | 2 | 0 | |a ruch cestovný |
| 610 | 2 | 0 | |a turistika |
| 610 | 2 | 0 | |a pohostinstvo |
| 610 | 2 | 0 | |a zdravie |
| 610 | 2 | 0 | |a dopyt |
| 610 | 2 | 0 | |a ponuka |
| 610 | 2 | 0 | |a zákazníci |
| 610 | 2 | 0 | |a príjmy |
| 610 | 2 | 0 | |a riadenie |
| 610 | 2 | 0 | |a manažéri |
| 610 | 2 | 0 | |a zisk |
| 610 | 2 | 0 | |a modely |
| 610 | 2 | 0 | |a oceňovanie |
| 610 | 2 | 0 | |a štúdie prípadové |
| 700 | 1 | |a Yeoman, Ian | |
| 700 | 1 | |a McMahon-Beattie, Una | |